Les grands événements de 2009 - Statistiques

Statistiques générales
  • Ce quiz a été pris 14 fois
  • Le résultat moyen est 3 sur 15
Statistiques - réponses
Hint Extra Hint Réponse % Correct
Investiture de Barack Obama Etats-Unis 20 janvier
75%
Mort de Michael Jackson et de Farrah Fawcett Etats-Unis 25 juin
50%
Sortie d'Avatar Etats-Unis 16 décembre
33%
Entrée en vigueur du nouveau système d'immatriculation France 15 avril
25%
Entrée de l'Albanie et de la Croatie dans l'OTAN Albanie / Croatie 1er avril
25%
Barack Obama reçoit le Prix Nobel de la Paix Etats-Unis 9 octobre
25%
Mort d'Alain Bashung France 14 mars
17%
On découvre de l'eau gelée sur la Lune 13 novembre
8%
Amerrissage d'un avion sur l'Hudson Etats-Unis 15 janvier
8%
Disparition du vol Air France 447 entre Rio et Paris 1er juin
8%
Inondations à Messine Italie 2 octobre
8%
Accident du train corail Paris-Cahors France 3 juillet
8%
Séisme de 7.4 de magnitude en Martinique France 29 novembre
0%
Mort de la dernière survivante du Titanic, Millvina Dean Royaume-Uni 31 mai
0%
Séisme à L'Aquila - 308 morts Italie 6 avril
0%
Aucun quiz correspondant
Distribution des résultats
% des personnes avec chaque résultat
Percentile par nombre de réponses
Votre historique - résultats
Vous n’avez pas pris ce quiz